MARC

LEADER 00000nam0a2200000 4500
001 368169
005 20231102012045.0
035 |a (RuTPU)RU\TPU\retro\25532 
035 |a RU\TPU\retro\25531 
090 |a 368169 
100 |a 20220401d1964 k y0rusy50 ca 
101 0 |a rus 
102 |a RU 
105 |a a z 001zy 
200 1 |a Особенности состава и структуры архея Прибайкалья  |f Е. В. Павловский, А. С. Ескин  |g Академия наук СССР, Геологический институт 
210 |a Москва  |c Наука  |d 1964 
215 |a 127 с.  |c ил. 
225 1 |a Труды геологического института (ГИН)  |v Вып. 110 
320 |a Библиогр.: с. 128. 
606 1 |a Архейские отложения  |2 stltpush  |3 (RuTPU)RU\TPU\subj\29448  |9 52773 
610 1 |a Прибайкалье 
610 1 |a состав 
610 1 |a структура 
610 1 |a стратиграфия 
610 1 |a граниты 
610 1 |a мигматиты 
610 1 |a интрузивные комплексы 
610 1 |a кайнозойские отложения 
610 1 |a докембрий 
610 1 |a метаморфические процессы 
610 1 |a тектоника 
675 |a 551.71  |v 3 
700 1 |a Павловский  |b Е. В. 
701 1 |a Ескин  |b А. С. 
712 0 2 |a Академия наук СССР  |b Геологический институт  |c (Москва)  |2 stltpush  |3 (RuTPU)RU\TPU\col\11354  |9 25059 
801 1 |a RU  |b 63413507  |c 20051129  |g PSBO 
801 2 |a RU  |b 63413507  |c 20220401  |g PSBO 
942 |c BK